000 00260nam a2200109Ia 4500
008 221009s9999 xx 000 0 und d
082 _a822/BES
100 _aBesant,Annie
_923739
245 0 _aDharma
260 _bThe Theosophical Publishing House
942 _cBK
999 _c64765
_d64765